Hint | Odpowiedź | % Poprawnych |
---|---|---|
5 | ????? | 21%
|
15 | ™ | 19%
|
3 | ??? | 18%
|
4 | ???? | 18%
|
13 | £ | 14%
|
6 | ?) | 12%
|
9 | ¥ | 10%
|
11 | ° | 10%
|
12 | ¢ | 10%
|
14 | $ | 10%
|
1 | ?? | 8%
|
2 | ? | 8%
|
7 | & | 8%
|
10 | • | 7%
|
8 | - | 5%
|
Prawa autorskie należą do H Brothers Inc., 2008–2024
Kontakt | Przewiń w górę | Wersja na telefon